| 000 | 00603nam a2200193 a 4500 | ||
|---|---|---|---|
| 005 | 20220808141327.0 | ||
| 008 | 160503s2005 ea r 000 0 spa d | ||
| 020 | _a0736841326 | ||
| 035 | _aUPN01000210051 | ||
| 049 | _aI | ||
| 050 | 4 |
_aQA115 _bT7.7 |
|
| 100 | 1 |
_aTrumbauer, Lisa Trutkoff, _d1963- _936479 |
|
| 245 | 1 | 0 |
_aRestar / _cLisa Trumbauer. |
| 260 |
_aMinnesota [E.U.A.] : _bYellow Umbrella Books, _c2005. |
||
| 300 |
_a17 p. : _bil. col. |
||
| 650 | 4 |
_aRESTA - _xESTUDIO Y ENSEÑANZA (PREESCOLAR) _922065 |
|
| 650 | 4 |
_aAritmética _xEstudio y enseñanza (Preescolar) _97856 |
|
| 905 | _aInfantil | ||
| 999 |
_c182152 _d182152 |
||